000 00442cam a2200181ua 4500
001 5319
005 20260515113849.0
008 120729n ii |||gr||||Z||||||eng
040 _cMAIN
082 _a823
100 _aForster, E. M.,
_eAuthor,
245 1 1 _aA passage to indian
_cby E. M. Forster
250 _a1st.
260 _aLudhiana:
_bKalyani publishers,
_c1993.
300 _a362p:
_c15cm.
653 _aEnglish fiction
942 _cBK
999 _c4496
_d4496